| 000 | 00943nam a22002177a 4500 | ||
|---|---|---|---|
| 005 | 20240530110336.0 | ||
| 008 | 141019s2011 ua gr 000 0cara d | ||
| 017 | _a24507/2010 | ||
| 020 | _a9789773288099 | ||
| 040 | _aEG-CaGPL | ||
| 082 | 0 | 4 |
_221 _a341.754 _bم ق |
| 100 | 0 | _aمحمد حسين منصور | |
| 245 | 1 | 2 |
_aالقانون السياحى : _bالشركات والمنشات السياحيه ، الارشاد السياحى ، عقود الايواء والخدمات والوكالة ، المسئولية والاستثمار والائتمان السياحى والتحكيم _cمحمد حسين منصور |
| 260 |
_aالاسكندرية : _bدار الجامعة العربية ، _c2011 |
||
| 300 |
_a325 ص _c24 سم |
||
| 650 | 0 | 4 | _aالسياحة |
| 650 | 0 | 4 |
_aالسياحة _xاقتصاديات |
| 650 | 0 | 4 | _aالقانون السياحى |
| 942 |
_2ddc _cBK |
||
| 999 |
_c59794 _d59794 |
||